[Event "25. Intern. Travemünder Schach-Open"]
[Site "?"]
[Date "2008.12.27"]
[Round "2"]
[White "Bulygin, Anton"]
[Black "Busch, Christian"]
[Result "1-0"]
[WhiteElo "1982"]
[BlackElo "2146"]
[PlyCount "105"]
[EventDate "2008.??.??"]

1. c4 e6 2. d4 Nf6 3. Nc3 d5 4. Nf3 Be7 5. e3 O-O 6. Be2 a6 7. a4 Nc6 8. O-O
Nb4 9. Ne5 Nd7 10. Nd3 Nxd3 11. Bxd3 dxc4 12. Bxc4 Nb6 13. Be2 Nd5 14. Bf3 Nb4
15. Qe2 a5 16. Rd1 c6 17. e4 b6 18. Be3 Ba6 19. Qd2 Bc4 20. Be2 Bxe2 21. Qxe2
Ra7 22. Rd2 Rd7 23. Rad1 Bf6 24. Qc4 Qa8 25. g4 Rfd8 26. f4 Be7 27. f5 Qa6 28.
Qxa6 Nxa6 29. d5 c5 30. e5 h6 31. d6 Bf8 32. fxe6 fxe6 33. g5 hxg5 34. Bxg5 Rc8
35. Rg2 Nb4 36. Ne4 Nc6 37. Bf4 Kh8 38. Ng5 Nd4 39. Rd3 Re8 40. Rh3+ Kg8 41.
Ne4 Kf7 42. Rh7 Ra8 43. Rh8 Raa7 44. Be3 Nf3+ 45. Kf1 Nxe5 46. Rf2+ Kg6 47.
Rhxf8 Ng4 48. Rg2 Rf7+ 49. Rxf7 Rxf7+ 50. Ke2 Kf5 51. Nc3 Rd7 52. Nb5 Nf6 53.
Rg5+ 1-0

[Event "25. Intern. Travemünder Schach-Open"]
[Site "?"]
[Date "2008.12.28"]
[Round "3"]
[White "GM Rabiega, Robert"]
[Black "WIM Hegeler, Anja"]
[Result "1-0"]
[WhiteElo "2543"]
[BlackElo "2220"]
[PlyCount "29"]
[EventDate "2008.??.??"]

1. e4 e6 2. d4 d5 3. Nc3 Nc6 4. Nf3 Nf6 5. Bd3 Bb4 6. Bg5 dxe4 7. Bxe4 h6 8.
Bxf6 Qxf6 9. Bxc6+ bxc6 10. O-O O-O 11. Ne5 Bxc3 12. bxc3 c5 13. Qd3 cxd4 14.
cxd4 Bb7 15. Rab1 1-0

[Event "25. Intern. Travemünder Schach-Open"]
[Site "?"]
[Date "2008.12.28"]
[Round "3"]
[White "Hansch, Torsten"]
[Black "IM Milov, Leonid"]
[Result "0-1"]
[WhiteElo "2222"]
[BlackElo "2539"]
[PlyCount "56"]
[EventDate "2008.??.??"]

1. d4 Nf6 2. Nf3 c5 3. e3 g6 4. b3 Bg7 5. Nbd2 O-O 6. Bb2 b6 7. Bd3 Bb7 8. Qe2
cxd4 9. exd4 Nd5 10. O-O-O Nf4 11. Qe3 Qc7 12. Kb1 Nd5 13. Qg5 h6 14. Qg3 Nc3+
15. Bxc3 Qxc3 16. h4 Nc6 17. Ne4 Qa5 18. h5 Nb4 19. a4 Nxd3 20. cxd3 Qb4 21.
Kb2 Bd5 22. Ned2 g5 23. Rc1 b5 24. axb5 d6 25. Rc3 a5 26. bxa6 Rxa6 27. Rhc1
Be6 28. Nxg5 Qa5 0-1

[Event "25. Intern. Travemünder Schach-Open"]
[Site "?"]
[Date "2008.12.28"]
[Round "3"]
[White "Korba, Roman"]
[Black "GM Mainka, Romuald"]
[Result "0-1"]
[WhiteElo "2210"]
[BlackElo "2482"]
[PlyCount "80"]
[EventDate "2008.??.??"]

1. g3 d5 2. Nf3 c6 3. Bg2 Bg4 4. h3 Bh5 5. O-O e6 6. d3 Nd7 7. Nbd2 Bd6 8. b3
Ne7 9. Bb2 O-O 10. e4 Qb6 11. g4 Bg6 12. e5 Bc7 13. Qe2 a5 14. a4 h6 15. Kh1
Bh7 16. Nh2 Qa6 17. f4 b5 18. Nhf3 bxa4 19. Rxa4 Qb7 20. Nh4 Rae8 21. f5 Qb8
22. f6 Ng6 23. fxg7 Kxg7 24. Nxg6 Bxg6 25. Nf3 Qd8 26. h4 h5 27. Bc1 Rh8 28.
Bg5 Qb8 29. Nd4 c5 30. Bf6+ Nxf6 31. exf6+ Kf8 32. Nc6 Qb6 33. Ne7 Rxe7 34.
fxe7+ Kxe7 35. g5 Qd6 36. Bf3 d4 37. Qg2 Rb8 38. Raa1 Qf4 39. Rae1 Qxh4+ 40.
Kg1 Bf4 0-1

[Event "25. Intern. Travemünder Schach-Open"]
[Site "?"]
[Date "2008.12.28"]
[Round "3"]
[White "GM Voloshin, Leonid"]
[Black "Schulenburg, Fabian"]
[Result "1-0"]
[WhiteElo "2448"]
[BlackElo "2193"]
[PlyCount "81"]
[EventDate "2008.??.??"]

1. d4 e6 2. c4 Nf6 3. Nc3 d5 4. Bg5 Be7 5. e3 h6 6. Bxf6 Bxf6 7. cxd5 exd5 8.
Nf3 O-O 9. Be2 b6 10. O-O Bb7 11. b4 Nc6 12. Qb3 Ne7 13. Rfd1 c6 14. Rac1 Rc8
15. a4 Ba8 16. Qa3 Qd6 17. a5 Rfd8 18. Ne1 Nf5 19. Bg4 Qe6 20. Na4 Rb8 21. Qd3
g6 22. axb6 axb6 23. Qa6 Qe7 24. Bxf5 gxf5 25. Nxb6 f4 26. exf4 Qxb4 27. Nxa8
Rxa8 28. Qxc6 Bxd4 29. Nc2 Bxf2+ 30. Kxf2 Qxf4+ 31. Kg1 d4 32. Nxd4 Ra5 33. Nf3
Rb8 34. Qc3 Ra2 35. Rc2 Rxc2 36. Qxc2 Qf6 37. Qd2 Re8 38. h3 Qc6 39. Rf1 Ra8
40. Qf4 Qe6 41. Nd4 1-0

[Event "25. Intern. Travemünder Schach-Open"]
[Site "?"]
[Date "2008.12.28"]
[Round "3"]
[White "Reebehn, Heinrich"]
[Black "Wagner, Dennis"]
[Result "0-1"]
[WhiteElo "1740"]
[BlackElo "2000"]
[PlyCount "54"]
[EventDate "2008.??.??"]

1. d4 d5 2. c4 c6 3. Nc3 Nf6 4. Bg5 e6 5. Nf3 Nbd7 6. Qc2 Be7 7. e3 O-O 8. Bd3
Re8 9. b3 h6 10. Bf4 a6 11. e4 dxe4 12. Nxe4 Nxe4 13. Bxe4 c5 14. Rd1 cxd4 15.
O-O Bf6 16. Qd2 e5 17. Bg3 Nc5 18. Bb1 Bg4 19. b4 Na4 20. Qc2 Nc3 21. Qh7+ Kf8
22. Rxd4 Ne2+ 23. Kh1 Nxd4 24. Nd2 Qc8 25. f4 Bf5 26. Bxf5 Qxf5 27. Qxf5 Nxf5
0-1

[Event "25. Intern. Travemünder Schach-Open"]
[Site "?"]
[Date "2008.12.28"]
[Round "3"]
[White "Svane, Rasmus"]
[Black "Eggert, André"]
[Result "1-0"]
[WhiteElo "1967"]
[BlackElo "1277"]
[PlyCount "75"]
[EventDate "2008.??.??"]

1. e4 d5 2. exd5 Qxd5 3. Nc3 Qa5 4. d4 Nf6 5. Bc4 c6 6. Bd2 Qc7 7. Qe2 Nbd7 8.
O-O-O e6 9. Nf3 Bd6 10. Kb1 O-O 11. h4 b5 12. Bd3 Bf4 13. Bxf4 Qxf4 14. Ne5
Nxe5 15. dxe5 Nd7 16. Rhe1 h6 17. g3 Qb4 18. a3 Qe7 19. Qe4 f5 20. Qxc6 Rb8 21.
Nxb5 Rd8 22. Qd6 Kf8 23. Qxe7+ Kxe7 24. Nd6 Nc5 25. Bc4 Bd7 26. Ka2 Na4 27. Bb3
Nc5 28. Re3 Ba4 29. Bxa4 Nxa4 30. Rb3 a5 31. Rdd3 Nc5 32. Rxb8 Rxb8 33. Rc3 Nd7
34. f4 Kd8 35. Rc6 Nf8 36. b4 Ng6 37. Kb3 Ne7 38. Ra6 1-0

[Event "25. Intern. Travemünder Schach-Open"]
[Site "?"]
[Date "2008.12.28"]
[Round "3"]
[White "Bouaraba, Max"]
[Black "Bulygin, Anton"]
[Result "0-1"]
[WhiteElo "2234"]
[BlackElo "1982"]
[PlyCount "76"]
[EventDate "2008.??.??"]

1. d4 Nf6 2. c4 e5 3. dxe5 Ng4 4. Nf3 Nc6 5. Nc3 Ngxe5 6. Nxe5 Nxe5 7. e4 d6 8.
Be2 Be7 9. O-O f5 10. f4 Nf7 11. Bd3 fxe4 12. Bxe4 c6 13. Qd3 Bd7 14. Bxh7 Kf8
15. Be3 Qa5 16. Bg6 Rd8 17. b4 Qc7 18. Bxf7 Kxf7 19. Ne4 Rdf8 20. Rad1 Kg8 21.
Nxd6 Bg4 22. Rd2 Bxd6 23. Qxd6 Qf7 24. f5 Qxc4 25. Bc5 Rf6 26. Qg3 Rh5 27. Rd4
Rhxf5 28. Qb8+ Kh7 29. Rxf5 Qc1+ 30. Kf2 Rxf5+ 31. Kg3 Bh5 32. Rf4 Qc3+ 33. Kf2
Qd2+ 34. Kg3 Rg5+ 35. Kh4 Qxg2 36. Qc8 Bg6 37. Qg4 Rxg4+ 38. Rxg4 Qxh2+ 0-1

[Event "25. Intern. Travemünder Schach-Open"]
[Site "?"]
[Date "2008.12.28"]
[Round "4"]
[White "FM Müller, Fabian"]
[Black "GM Rabiega, Robert"]
[Result "0-1"]
[WhiteElo "2296"]
[BlackElo "2543"]
[PlyCount "36"]
[EventDate "2008.??.??"]

1. e4 e5 2. Nf3 Nc6 3. d4 exd4 4. Nxd4 Nf6 5. Nc3 Bb4 6. Nxc6 bxc6 7. Bd3 d5 8.
exd5 cxd5 9. O-O O-O 10. Bg5 c6 11. Qf3 Rb8 12. h3 Bd6 13. Rab1 h6 14. Bh4 Re8
15. Nd1 g5 16. Bg3 g4 17. Bxd6 gxf3 18. Bxb8 Bxh3 0-1

[Event "25. Intern. Travemünder Schach-Open"]
[Site "?"]
[Date "2008.12.27"]
[Round "4"]
[White "IM Milov, Leonid"]
[Black "FM Schulz, Karsten"]
[Result "1-0"]
[WhiteElo "2539"]
[BlackElo "2278"]
[PlyCount "49"]
[EventDate "2008.??.??"]

1. e4 g6 2. d4 Bg7 3. c3 c6 4. Bd3 d5 5. Nd2 Nh6 6. h4 dxe4 7. Nxe4 Nd7 8. Qe2
Nb6 9. h5 Bf5 10. Nf3 Nd5 11. Ne5 f6 12. Nc4 Bxe4 13. Bxe4 f5 14. Bc2 Nf7 15.
g4 Qd7 16. hxg6 hxg6 17. Rxh8+ Bxh8 18. gxf5 gxf5 19. Qh5 Qe6+ 20. Ne3 Nxe3 21.
Bxe3 Qf6 22. Bxf5 e6 23. Bg6 Ke7 24. O-O-O b6 25. Be4 1-0

[Event "25. Intern. Travemünder Schach-Open"]
[Site "?"]
[Date "2008.12.28"]
[Round "4"]
[White "GM Mainka, Romuald"]
[Black "Jochens, Arne"]
[Result "1-0"]
[WhiteElo "2482"]
[BlackElo "2258"]
[PlyCount "69"]
[EventDate "2008.??.??"]

1. e4 c5 2. Nf3 e6 3. d4 cxd4 4. Nxd4 Nc6 5. Nc3 Qc7 6. Be2 a6 7. Be3 Nf6 8. f4
Bb4 9. Qd3 d5 10. e5 Ne4 11. O-O Nxd4 12. Bxd4 Nxc3 13. bxc3 Bc5 14. Qg3 g6 15.
Bd3 Bd7 16. Rab1 O-O 17. Qe3 Rfc8 18. g4 Bb5 19. f5 Bxd3 20. cxd3 b5 21. Rf3 b4
22. cxb4 Bxd4 23. Qxd4 exf5 24. gxf5 Re8 25. Re3 Qd7 26. Rf1 Rac8 27. Rh3 Qe7
28. fxg6 fxg6 29. Qxd5+ Kg7 30. d4 Rc7 31. Rhf3 Qg5+ 32. Kh1 Ree7 33. Qd6 Qg4
34. Qf6+ Kh6 35. Rf4 1-0

[Event "25. Intern. Travemünder Schach-Open"]
[Site "?"]
[Date "2008.12.27"]
[Round "4"]
[White "Wagner, Dennis"]
[Black "Holst, Conny"]
[Result "1/2-1/2"]
[WhiteElo "2000"]
[BlackElo "2161"]
[PlyCount "107"]
[EventDate "2008.??.??"]

1. e4 c5 2. Nc3 Nc6 3. Bb5 g6 4. Bxc6 dxc6 5. d3 Bg7 6. f4 Nf6 7. Nf3 Bg4 8.
O-O e5 9. Qe1 Bxf3 10. Rxf3 Nd7 11. f5 Qe7 12. Be3 b6 13. b3 Bf6 14. Qd2 g5 15.
a4 g4 16. Rff1 a5 17. Rfb1 Rd8 18. Nd1 Rg8 19. c3 Qd6 20. Nb2 Be7 21. Nc4 Qc7
22. Qe2 h5 23. Bd2 Ra8 24. b4 axb4 25. cxb4 cxb4 26. Bxb4 Bxb4 27. Rxb4 b5 28.
Nb2 Qd6 29. Qd2 g3 30. Rb1 Qc5+ 31. Kh1 Nf6 32. axb5 Ng4 33. d4 Nf2+ 34. Kg1
exd4 35. Qxd4 gxh2+ 36. Kxf2 Qc2+ 37. Ke3 Ra3+ 38. Kf4 Rg4+ 39. Ke5 c5 40. Qd6
Qc3+ 41. Kd5 cxb4 42. Qb8+ Kd7 43. Rd1 h1=Q 44. Qd6+ Kc8 45. Qf8+ Kb7 46. Qxf7+
Kb6 47. Qe6+ Kxb5 48. Qd7+ Ka6 49. Qd6+ Ka7 50. Qe7+ Kb8 51. Qf8+ Ka7 52. Qe7+
Kb8 53. Qf8+ Ka7 54. Qe7+ 1/2-1/2

[Event "25. Intern. Travemünder Schach-Open"]
[Site "?"]
[Date "2008.12.28"]
[Round "4"]
[White "Schoenwolff, Kai"]
[Black "Svane, Rasmus"]
[Result "0-1"]
[WhiteElo "2086"]
[BlackElo "1967"]
[PlyCount "24"]
[EventDate "2008.??.??"]

1. Nc3 c5 2. e4 e6 3. g3 d5 4. exd5 exd5 5. d4 cxd4 6. Qxd4 Nf6 7. Bg5 Nc6 8.
Qe3+ Be6 9. O-O-O d4 10. Qf3 Bg4 11. Qd3 dxc3 12. Re1+ Be7 0-1

[Event "25. Intern. Travemünder Schach-Open"]
[Site "?"]
[Date "2008.12.28"]
[Round "4"]
[White "Bulygin, Anton"]
[Black "Zumsande, Martin"]
[Result "1/2-1/2"]
[WhiteElo "1982"]
[BlackElo "2411"]
[PlyCount "51"]
[EventDate "2008.??.??"]

1. c4 e6 2. d4 d5 3. e3 Nf6 4. Nc3 Be7 5. Nf3 O-O 6. Be2 dxc4 7. Bxc4 a6 8. a4
b6 9. O-O Bb7 10. Qe2 Nbd7 11. Rd1 Bb4 12. Ne1 Bd6 13. f3 e5 14. Nc2 Qe7 15.
Kh1 exd4 16. Nxd4 g6 17. e4 Nh5 18. Qf2 c6 19. Be3 b5 20. Bf1 Ne5 21. Nb3 Rae8
22. axb5 axb5 23. Bb6 Ra8 24. Rac1 Rae8 25. Rc2 Bb8 26. Rcd2 1/2-1/2

[Event "25. Intern. Travemünder Schach-Open"]
[Site "?"]
[Date "2008.12.29"]
[Round "5"]
[White "GM Rabiega, Robert"]
[Black "GM Mainka, Romuald"]
[Result "1-0"]
[WhiteElo "2543"]
[BlackElo "2482"]
[PlyCount "111"]
[EventDate "2008.??.??"]

1. e4 e5 2. Nf3 Nc6 3. Bc4 Nf6 4. d3 Be7 5. O-O O-O 6. Re1 d6 7. a4 Kh8 8. a5
a6 9. c3 Ng8 10. Qb3 Qe8 11. Nbd2 Bd7 12. d4 Rb8 13. h3 Bf6 14. dxe5 Nxe5 15.
Nxe5 dxe5 16. Nf1 Ne7 17. Be3 Bb5 18. Red1 Nc8 19. Bc5 Be7 20. Bxb5 axb5 21.
Qb4 Bxc5 22. Qxc5 Nd6 23. Qxc7 Nxe4 24. Re1 f5 25. f3 Rf7 26. Qb6 Nf6 27. Rad1
Re7 28. Ne3 Re6 29. Rd6 Rxd6 30. Qxd6 Rd8 31. Qc7 Rd7 32. Qc5 g6 33. Qxb5 Qe6
34. Qc4 Qe7 35. b4 e4 36. fxe4 Nxe4 37. Nd5 Qh4 38. Re2 Kg7 39. Qd4+ Kh6 40. c4
Rd8 41. Qe3+ Kg7 42. Qd4+ Kh6 43. b5 Re8 44. a6 bxa6 45. bxa6 Rb8 46. Nc3 Qf4
47. Qe3 Qxe3+ 48. Rxe3 Nxc3 49. Rxc3 Rb1+ 50. Kf2 Ra1 51. c5 Rxa6 52. c6 Ra8
53. c7 Rc8 54. Ke3 Kg5 55. Kd4 f4 56. Ke4 1-0

[Event "25. Intern. Travemünder Schach-Open"]
[Site "?"]
[Date "2008.12.29"]
[Round "5"]
[White "GM Kupreichik, Victor"]
[Black "IM Milov, Leonid"]
[Result "1-0"]
[WhiteElo "2417"]
[BlackElo "2539"]
[PlyCount "80"]
[EventDate "2008.??.??"]

1. e4 d5 2. exd5 Qxd5 3. Nc3 Qa5 4. d4 Nf6 5. Bc4 Nc6 6. d5 Nb4 7. Bb3 c6 8.
Bd2 Qc7 9. dxc6 Nxc6 10. Nb5 Qb8 11. Bc3 e6 12. Qe2 a6 13. Nd4 Bd7 14. Ngf3 Qf4
15. O-O Ne4 16. Nxc6 Nxc3 17. bxc3 Bxc6 18. Nd4 Qe4 19. Qxe4 Bxe4 20. Rfe1 Bg6
21. Ba4+ Kd8 22. Nf3 Bd6 23. c4 Kc7 24. Ne5 Bxe5 25. Rxe5 Rhd8 26. Rc5+ Kb6 27.
Rg5 Rd4 28. Bb3 f6 29. c3 Rd3 30. Rg4 Kc5 31. Bc2 Rxc3 32. Bxg6 hxg6 33. Rxg6
Rg8 34. h4 Rxc4 35. h5 Rh4 36. g4 Rh3 37. Rc1+ Kd5 38. Kg2 Ra3 39. Rc2 Ke5 40.
h6 Kf4 1-0

[Event "25. Intern. Travemünder Schach-Open"]
[Site "?"]
[Date "2008.12.29"]
[Round "5"]
[White "GM Voloshin, Leonid"]
[Black "FM Figura, Atila Gajo"]
[Result "1/2-1/2"]
[WhiteElo "2448"]
[BlackElo "2412"]
[PlyCount "33"]
[EventDate "2008.??.??"]

1. d4 d5 2. Bg5 c6 3. e3 h6 4. Bh4 Qb6 5. Qc1 Bf5 6. Nf3 e6 7. Be2 Nd7 8. O-O
Ngf6 9. c4 Be7 10. c5 Qd8 11. b4 a6 12. Nbd2 O-O 13. Nb3 g5 14. Bg3 Ne4 15.
Nfd2 Nxg3 16. hxg3 Bf6 17. f4 1/2-1/2

[Event "25. Intern. Travemünder Schach-Open"]
[Site "?"]
[Date "2008.12.29"]
[Round "5"]
[White "FM Ackermann, Hans Werner"]
[Black "GM Siebrecht, Sebastian"]
[Result "1/2-1/2"]
[WhiteElo "2299"]
[BlackElo "2451"]
[PlyCount "89"]
[EventDate "2008.??.??"]

1. e4 c5 2. Nf3 e6 3. d3 Nc6 4. g3 d5 5. Nbd2 Bd6 6. Bg2 Nge7 7. O-O O-O 8.
exd5 exd5 9. d4 cxd4 10. Nb3 Bg4 11. Nbxd4 Qd7 12. c3 Rfe8 13. Qb3 Rad8 14. Be3
Na5 15. Qc2 Bh5 16. Rfe1 Bg6 17. Qc1 Nc4 18. Bf1 a6 19. Nh4 Be4 20. Bg5 Ne5 21.
Qd1 h6 22. Be3 Bc5 23. Ndf3 Bd6 24. Nxe5 Bxe5 25. Bb6 Bc7 26. Be3 Nc6 27. Nf3
f5 28. Nd4 f4 29. Bxf4 Nxd4 30. cxd4 Bxf4 31. gxf4 Re6 32. f3 Rg6+ 33. Kf2 Bf5
34. Re5 Bh3 35. Qc2 Rc6 36. Qb3 Bxf1 37. Rxf1 Qh3 38. Rxd5 Qxh2+ 39. Ke3 Rxd5
40. Qxd5+ Kh8 41. Rf2 Qg1 42. Qd7 Qc1+ 43. Rd2 Qg1+ 44. Rf2 Qc1+ 45. Rd2
1/2-1/2

[Event "25. Intern. Travemünder Schach-Open"]
[Site "?"]
[Date "2008.12.29"]
[Round "5"]
[White "Straeter, Timo"]
[Black "Bulygin, Anton"]
[Result "1-0"]
[WhiteElo "2303"]
[BlackElo "1982"]
[PlyCount "51"]
[EventDate "2008.??.??"]

1. d4 Nf6 2. Nf3 d5 3. c4 e6 4. g3 c6 5. Qc2 Be7 6. Bg2 O-O 7. O-O Nbd7 8. Nbd2
a5 9. e4 dxe4 10. Nxe4 c5 11. Nc3 cxd4 12. Nxd4 Bc5 13. Ndb5 Nb6 14. Bf4 a4 15.
Bc7 Qe7 16. Bxb6 Bxb6 17. Nxa4 Bc7 18. Nxc7 Qxc7 19. c5 Ra6 20. b4 Bd7 21. Nc3
Ra3 22. c6 Qe5 23. Nb1 Ra7 24. cxd7 Qxa1 25. Nc3 Rxa2 26. Nxa2 1-0

[Event "25. Intern. Travemünder Schach-Open"]
[Site "?"]
[Date "2008.12.29"]
[Round "5"]
[White "Kachibadze, Georg"]
[Black "Wagner, Dennis"]
[Result "1-0"]
[WhiteElo "2158"]
[BlackElo "2000"]
[PlyCount "149"]
[EventDate "2009.01.03"]

1. e4 e5 2. Nf3 Nc6 3. Bc4 Bc5 4. c3 Nf6 5. d3 d6 6. O-O O-O 7. Bb3 a6 8. Nbd2
Ne7 9. h3 Ng6 10. Re1 Ba7 11. Nf1 h6 12. Ng3 Re8 13. d4 Bd7 14. Bc2 Bc6 15. Be3
Kh7 16. Qd2 exd4 17. Bxd4 Kg8 18. Bxa7 Rxa7 19. Nd4 Bd7 20. Ndf5 Ra8 21. Rad1
Bxf5 22. Nxf5 Nh5 23. Kh2 Nhf4 24. g3 Ne6 25. f4 Qf6 26. Nd4 Nc5 27. Re2 Nd7
28. Rde1 Rad8 29. a4 Kh8 30. a5 Kg8 31. b4 h5 32. h4 Qe7 33. Ba4 Rf8 34. Bb3
Nf6 35. Nf5 Ng4+ 36. Kg1 Qf6 37. Qd4 Rfe8 38. Bd5 c6 39. Bb3 Ne7 40. Qxf6 Nxf6
41. Nxd6 Rxd6 42. e5 Rd7 43. exf6 gxf6 44. Rd1 Red8 45. Rxe7 Rxd1+ 46. Bxd1
Rxd1+ 47. Kf2 Rc1 48. Rxb7 Rxc3 49. Rb6 Rb3 50. Rxc6 Rxb4 51. Rxf6 Rb2+ 52. Kf3
Rb3+ 53. Kg2 Rb2+ 54. Kh3 Kg7 55. Rxa6 Ra2 56. Ra8 Kf6 57. a6 Kg7 58. a7 Kh7
59. f5 Kg7 60. g4 Ra3+ 61. Kg2 hxg4 62. h5 Kh7 63. f6 Ra2+ 64. Kg3 Ra4 65. Kh4
g3+ 66. Kxg3 Ra1 67. Kf4 Ra5 68. Ke4 Ra1 69. Kd5 Rd1+ 70. Kc6 Rc1+ 71. Kd7 Rd1+
72. Ke7 Re1+ 73. Kxf7 Ra1 74. Ke6 Re1+ 75. Kd5 1-0

[Event "25. Intern. Travemünder Schach-Open"]
[Site "?"]
[Date "2008.12.29"]
[Round "5"]
[White "Svane, Rasmus"]
[Black "Rubel, Julian"]
[Result "1/2-1/2"]
[WhiteElo "1967"]
[BlackElo "2179"]
[PlyCount "56"]
[EventDate "2009.01.03"]

1. e4 c5 2. Nf3 Nc6 3. Nc3 g6 4. Bb5 Bg7 5. Bxc6 bxc6 6. d3 d6 7. h3 Rb8 8. O-O
e5 9. Rb1 Ne7 10. Nh2 f5 11. f4 O-O 12. Qe2 Qc7 13. Bd2 Be6 14. a3 a5 15. fxe5
Bxe5 16. Nf3 Bg7 17. Ng5 Bf7 18. Nxf7 Rxf7 19. b3 Bd4+ 20. Kh1 Rbf8 21. Rbe1
Be5 22. a4 fxe4 23. dxe4 Kg7 24. Nd1 Ng8 25. Ne3 Nf6 26. Qd3 Nh5 27. Rxf7+ Qxf7
28. Ng4 Bf4 1/2-1/2

[Event "25. Intern. Travemünder Schach-Open"]
[Site "?"]
[Date "2008.12.29"]
[Round "6"]
[White "GM Kupreichik, Victor"]
[Black "GM Rabiega, Robert"]
[Result "1/2-1/2"]
[WhiteElo "2417"]
[BlackElo "2543"]
[PlyCount "21"]
[EventDate "2008.??.??"]

1. e4 e5 2. Nf3 Nf6 3. Nxe5 d6 4. Nf3 Nxe4 5. Qe2 Qe7 6. Nc3 Nxc3 7. dxc3 Qxe2+
8. Bxe2 Be7 9. Bf4 Nc6 10. O-O-O Bd7 11. Rhe1 1/2-1/2

[Event "25. Intern. Travemünder Schach-Open"]
[Site "?"]
[Date "2008.12.29"]
[Round "6"]
[White "IM Bangiev, Alexander"]
[Black "FM Rudolf, Henrik"]
[Result "1-0"]
[WhiteElo "2439"]
[BlackElo "2368"]
[PlyCount "63"]
[EventDate "2008.??.??"]

1. e4 c5 2. Nf3 e6 3. d4 cxd4 4. Nxd4 Nc6 5. Nc3 Qc7 6. Be3 a6 7. Bd3 Nf6 8.
O-O h5 9. h3 d6 10. f4 Bd7 11. Nf3 b5 12. a3 Be7 13. Qe2 b4 14. axb4 Nxb4 15.
Bf2 Bc6 16. f5 Nxd3 17. cxd3 exf5 18. exf5 O-O 19. Ng5 Rfe8 20. Nge4 d5 21.
Nxf6+ Bxf6 22. Qxh5 d4 23. Ne2 Qd6 24. Qg4 Bb7 25. Nf4 Be5 26. Bh4 Rac8 27. f6
Bxf6 28. Nh5 Be5 29. Nxg7 Qg6 30. Qxg6 fxg6 31. Nxe8 Rxe8 32. Rae1 1-0

[Event "25. Intern. Travemünder Schach-Open"]
[Site "?"]
[Date "2008.12.29"]
[Round "6"]
[White "FM Figura, Atila Gajo"]
[Black "FM Straeter, Timo"]
[Result "1/2-1/2"]
[WhiteElo "2412"]
[BlackElo "2303"]
[PlyCount "143"]
[EventDate "2008.??.??"]

1. d4 d5 2. c4 e6 3. Nf3 Nf6 4. g3 c6 5. Nbd2 Ne4 6. Qc2 f5 7. Bg2 Bd6 8. O-O
O-O 9. b3 Bd7 10. Bb2 Be8 11. Ne5 Nxd2 12. Qxd2 Nd7 13. Nd3 Nf6 14. f3 Qe7 15.
a4 Rd8 16. Rfd1 Bg6 17. a5 Nd7 18. c5 Bc7 19. a6 b5 20. cxb6 Bxb6 21. Ba3 Qf6
22. e3 Rfe8 23. Bd6 e5 24. Bxe5 Nxe5 25. Nxe5 Rxe5 26. dxe5 Qxe5 27. Kh1 Bxe3
28. Qa5 Qd6 29. f4 d4 30. Rd3 Re8 31. Ra2 c5 32. Rc2 Rc8 33. Qb5 Bf7 34. Qb7
Rb8 35. Qc6 Qxc6 36. Bxc6 Rb6 37. Bf3 Rb5 38. Bc6 Ra5 39. Kg2 Rxa6 40. Bf3 g5
41. fxg5 Ra5 42. h4 Kf8 43. Rxe3 dxe3 44. Rc3 Ra2+ 45. Kh3 e2 46. Re3 Rb2 47.
Bxe2 Rxb3 48. Re5 f4 49. Rxc5 Rxg3+ 50. Kh2 Ra3 51. Rc8+ Kg7 52. Bg4 Ra2+ 53.
Kg1 Bd5 54. Rc5 Rg2+ 55. Kf1 Rxg4 56. Rxd5 Rxh4 57. Kg2 Kg6 58. Ra5 Rh5 59. Kf3
Rxg5 60. Rxa7 Rf5 61. Ra6+ Kg5 62. Ra8 Rf7 63. Rg8+ Kf5 64. Ra8 h5 65. Ra5+ Kg6
66. Ra6+ Kg5 67. Ra5+ Rf5 68. Ra8 Rf6 69. Ra5+ Kg6 70. Ra4 Kg5 71. Ra5+ Kh4 72.
Ra4 1/2-1/2

[Event "25. Intern. Travemünder Schach-Open"]
[Site "?"]
[Date "2008.12.29"]
[Round "6"]
[White "Schmidt, Harald"]
[Black "GM Kalinitschew, Sergey"]
[Result "1-0"]
[WhiteElo "2392"]
[BlackElo "2492"]
[PlyCount "147"]
[EventDate "2008.??.??"]

1. e4 c5 2. Nf3 Nc6 3. d4 cxd4 4. Nxd4 e5 5. Nb5 d6 6. N1c3 a6 7. Na3 Be6 8.
Nc4 Rb8 9. Nd5 Bxd5 10. exd5 Nce7 11. g3 b5 12. Ne3 f5 13. h4 h5 14. a4 Nf6 15.
axb5 axb5 16. Ra7 g6 17. Bd2 b4 18. Nc4 Nc8 19. Ra6 Be7 20. Bg5 O-O 21. Be2 Kg7
22. O-O Ne4 23. Bxe7 Qxe7 24. Bf3 Nf6 25. Re1 Rb5 26. Bg2 e4 27. Qd2 Qb7 28.
Ra5 Rxa5 29. Nxa5 Qb5 30. Nb3 Nxd5 31. Bf1 Qb7 32. Ba6 Qxa6 33. Qxd5 Qb6 34.
Nd4 Ne7 35. Ne6+ Kh8 36. Qd2 Rf7 37. Ra1 e3 38. fxe3 d5 39. Ra8+ Ng8 40. Nf4
Kh7 41. Qd4 Qxd4 42. exd4 Nf6 43. Ra6 Ne4 44. Ne6 Re7 45. Kg2 Kg8 46. Rc6 Kf7
47. Nf4 Ra7 48. Nxd5 b3 49. cxb3 Ra1 50. Rc7+ Ke6 51. Nf4+ Kd6 52. Rg7 Rd1 53.
Rxg6+ Kd7 54. Nxh5 Ke7 55. Kf3 Rxd4 56. Rb6 Nc5 57. Ng7 Rd5 58. Rb5 Kf7 59. b4
Rd3+ 60. Ke2 Rb3 61. Nxf5 Ne4 62. g4 Kf6 63. Nd4 Rxb2+ 64. Ke3 Nc3 65. Rf5+ Kg7
66. b5 Nd1+ 67. Kf4 Nf2 68. Ne6+ Kh7 69. g5 Rb4+ 70. Kf3 Ne4 71. h5 Nd6 72. Rf8
Rb3+ 73. Ke2 Rb2+ 74. Kd1 1-0

[Event "25. Intern. Travemünder Schach-Open"]
[Site "?"]
[Date "2008.12.29"]
[Round "6"]
[White "Wagner, Dennis"]
[Black "Hansch, Karsten"]
[Result "1-0"]
[WhiteElo "2000"]
[BlackElo "1848"]
[PlyCount "61"]
[EventDate "2008.??.??"]

1. e4 c5 2. Nc3 d6 3. Nge2 Nf6 4. d4 cxd4 5. Nxd4 a6 6. Bc4 e6 7. O-O Nc6 8.
Nxc6 bxc6 9. Qe2 Be7 10. e5 dxe5 11. Qxe5 O-O 12. Ne4 Bb7 13. Bd3 Nxe4 14. Qxe4
g6 15. Bh6 Re8 16. Rad1 Qd5 17. Qg4 Qe5 18. Bd2 Qg7 19. Qf3 Bf6 20. b3 Red8 21.
Be4 Rac8 22. Ba5 Rxd1 23. Rxd1 Be7 24. Bc3 Qh6 25. Qd3 Kf8 26. Ba5 Qh5 27. b4
Qe5 28. Bf3 Qb8 29. Qd4 Kg8 30. Qb6 Bf6 31. g3 1-0

[Event "25. Intern. Travemünder Schach-Open"]
[Site "?"]
[Date "2008.12.29"]
[Round "6"]
[White "Pedersen, Gunnar"]
[Black "Svane, Rasmus"]
[Result "1/2-1/2"]
[WhiteElo "2238"]
[BlackElo "1967"]
[PlyCount "35"]
[EventDate "2008.??.??"]

1. d4 Nf6 2. c4 e6 3. Nf3 c5 4. g3 cxd4 5. Nxd4 Bb4+ 6. Nc3 Ne4 7. Bd2 Bxc3 8.
Bxc3 Nxc3 9. bxc3 a6 10. Bg2 O-O 11. Qb3 Nc6 12. Nxc6 dxc6 13. O-O e5 14. Rfd1
Qe7 15. Qb6 Be6 16. c5 Rad8 17. Rd6 Rxd6 18. cxd6 1/2-1/2

[Event "25. Intern. Travemünder Schach-Open"]
[Site "?"]
[Date "2008.12.30"]
[Round "6"]
[White "Bulygin, Anton"]
[Black "Kachibadze, Georg"]
[Result "1-0"]
[WhiteElo "1982"]
[BlackElo "2158"]
[PlyCount "81"]

1. c4 e6 2. d4 Nf6 3. Nc3 d5 4. e3 dxc4 5. Bxc4 a6 6. a4 c5 7. Nf3 Nc6 8. O-O
Be7 9. Ne5 Bd7 10. Nf3 Rc8 11. Qe2 O-O 12. Rd1 Qc7 13. d5 exd5 14. Bxd5 Bg4 15.
h3 Bh5 16. g4 Bg6 17. e4 Nb4 18. Be3 Rcd8 19. Rd2 Nfxd5 20. exd5 f5 21. Bg5
Rfe8 22. Qc4 Kh8 23. d6 Rxd6 24. Bf4 fxg4 25. hxg4 Bd3 26. Bxd6 Qxd6 27. Re1
Qg6 28. Qe6 c4 29. Qxg6 hxg6 30. Re6 Kh7 31. Rd1 Rf8 32. Rxe7 Rxf3 33. Kg2 Rf4
34. Kg3 g5 35. Rxb7 Nc6 36. Re1 a5 37. Re3 Nd4 38. Rd7 Kh6 39. Rd6+ g6 40. Rd5
Bc2 41. Rxa5 1-0